Từ điển Việt - Anh = Vietnamese - English dictionary /

محفوظ في:
التفاصيل البيبلوغرافية
مؤلفون آخرون: Đặng Chấn Liêu (biên soạn.), Lê Khả Kế (biên soạn.), Phạm Duy Trọng (biên soạn.)
التنسيق: كتاب
اللغة:Vietnamese
English
منشور في: Tp.HCM : Tp.HCM, 1997.
الموضوعات:
الوسوم: إضافة وسم
لا توجد وسوم, كن أول من يضع وسما على هذه التسجيلة!
Thư viện lưu trữ: Mạng thư viện Đại học Đà Nẵng
LEADER 01158cam a2200397 i 4500
001 000042140
003 13
005 20051006155914.0
008 010217b1997 vm 000 vie
020 |c 80000 
022 |a T2,4-7,9,10 
040 |a IRC  |c IRC  |d IRC 
041 0 |a vie  |a eng 
082 1 4 |a 495.92321  |b Tư-Đ 
245 0 0 |a Từ điển Việt - Anh =  |b Vietnamese - English dictionary /  |c Đặng Chấn Liêu, Lê Khả Kế, Phạm Duy Trọng biên soạn. 
246 0 1 |a Vietnamese - English dictionary. 
260 |a Tp.HCM :  |b Tp.HCM,  |c 1997. 
300 |a 855 tr. ;  |c 24 cm. 
630 0 4 |a Từ điển. 
630 0 4 |a Việt-Anh. 
630 0 4 |a Ngôn ngữ. 
650 0 4 |a Việt Anh  |v Từ điển. 
650 0 4 |a Vietnamese-English  |v Dictionaries. 
700 1 |a Đặng Chấn Liêu,  |e biên soạn. 
700 1 |a Lê Khả Kế,  |e biên soạn. 
700 1 |a Phạm Duy Trọng,  |e biên soạn. 
OWN |a DUT 
999 |a From the UDN01 
TYP |a Monograph 
TYP |a Printed language 
980 |a Mạng thư viện Đại học Đà Nẵng